| 000 | 00401nam a22001697a 4500 | ||
|---|---|---|---|
| 005 | 20160629150042.0 | ||
| 008 | 160629b xxu||||| |||| 00| 0 eng d | ||
| 020 | _a978-93-80027-67-8 | ||
| 041 | _aeng | ||
| 082 | _b12511 | ||
| 100 |
_aSoni, Dr. K M _93213 |
||
| 245 | _aNetwork Analysis & synthesis | ||
| 260 |
_bKatson _c2012 |
||
| 300 | _a309 | ||
| 650 |
_aDiploma Engineering _9817 |
||
| 942 | _cBK | ||
| 999 |
_c4722 _d4720 |
||